La Mía - Nio García, Juhn - Estadísticas

Estadísticas generales
  • Esta prueba ha sido intentada 27 veces
  • La puntuación promedio es 55 de 437
Estadísticas de respuestas
Letra % Correcto
a
100%
A
100%
de
50%
es
50%
estoy
50%
gata
50%
Me
50%
me
50%
Na
50%
nada
50%
no
50%
que
50%
Que
50%
se
50%
si
50%
soy
50%
ti
50%
to
50%
y
50%
Y
50%
yo
50%
Yo
50%
aburrido
0%
ahora
0%
All
0%
Anoche
0%
anoche
0%
apague
0%
atrevida
0%
baby
0%
bebecita
0%
botellas
0%
cae
0%
cambiándola
0%
cara
0%
carro
0%
casa
0%
casi
0%
casualidad
0%
cel
0%
chingando
0%
cinco
0%
cintura
0%
como
0%
con
0%
Con
0%
conmigo
0%
conocí
0%
convencer
0%
conviene
0%
cuando
0%
Cuando
0%
cuerpo
0%
decir
0%
del
0%
Después
0%
diabla
0%
dice
0%
dicen
0%
diferente
0%
dura
0%
duro
0%
el
0%
El
0%
ella
0%
Ella
0%
en
0%
encerra
0%
encontré
0%
encontró
0%
entretengo
0%
esa
0%
esta
0%
estar
0%
explotra
0%
facetime
0%
farandula
0%
foto
0%
fue
0%
fuerza
0%
fumar
0%
Garcia
0%
grandes
0%
gusta
0%
habla
0%
haga
0%
hasta
0%
hecho
0%
intruso
0%
inversión
0%
Juhn
0%
la
0%
La
0%
Las
0%
las
0%
le
0%
Le
0%
like
0%
llama
0%
llamo
0%
lo
0%
mas
0%
media
0%
mejor
0%
meterle
0%
metí
0%
meto
0%
mía
0%
mido
0%
Mira
0%
misionar
0%
Moët
0%
moja
0%
monto
0%
movie
0%
mueve
0%
nalgas
0%
nama
0%
natural
0%
naturales
0%
ni
0%
ningún
0%
Nio
0%
oh
0%
Ooh
0%
pa
0%
pago
0%
pero
0%
pidió
0%
por
0%
porque
0%
prefiere
0%
prendas
0%
propuso
0%
provocativa
0%
puedo
0%
puta
0%
quiere
0%
Rompiéndola
0%
ropa
0%
Ruso
0%
sale
0%
salí
0%
salio
0%
selfie
0%
ser
0%
sin
0%
son
0%
Star
0%
suave
0%
sube
0%
también
0%
tengo
0%
tetas
0%
ticket
0%
Tiene
0%
tiene
0%
tranquila
0%
tuve
0%
un
0%
una
0%
vez
0%
viéndola
0%
VIP
0%
vive
0%
wuh
0%
yeh
0%
No se encontraron pruebas coincidentes
Distribución de puntuación
Porcentaje de gente con cada puntuación
Porcentaje por número respondido
Historial de tus puntuaciones
No has intentado esta prueba.